Gay, lesbian, bisexual, & transgender aging challenges in research, practice, and policy
Includes bibliographical references and index; Neal A. Newfield, Ph.D., LICSW (Giver)
Kaydedildi:
| Yazar: | |
|---|---|
| Diğer Yazarlar: | |
| Materyal Türü: | Kitap |
| Dil: | Undetermined |
| Baskı/Yayın Bilgisi: |
Baltimore
Johns Hopkins University Press
2012
|
| Konular: | |
| Online Erişim: | http://lrc.tdmu.edu.vn/opac/search/detail.asp?aID=2&ID=31992 |
| Etiketler: |
Etiketle
Etiket eklenmemiş, İlk siz ekleyin!
|
| Thư viện lưu trữ: | Trung tâm Học liệu Trường Đại học Thủ Dầu Một |
|---|
| LEADER | 01565nam a2200229Ia 4500 | ||
|---|---|---|---|
| 001 | TDMU_31992 | ||
| 008 | 210410s9999 xx 000 0 und d | ||
| 082 | |a 109.2 | ||
| 090 | |b E207 | ||
| 100 | |a Eyler, A. Evan | ||
| 245 | 0 | |a Gay, lesbian, bisexual, & transgender aging | |
| 245 | 0 | |b challenges in research, practice, and policy | |
| 245 | 0 | |c edited by Tarynn M. Witten and A. Evan Eyler | |
| 260 | |a Baltimore | ||
| 260 | |b Johns Hopkins University Press | ||
| 260 | |c 2012 | ||
| 300 | |a xiii, 338 p. | ||
| 520 | |a Includes bibliographical references and index; Neal A. Newfield, Ph.D., LICSW (Giver) |d 2017; The aging of sexual and gender minority persons : an overview / Tarynn M. Witten -- Informal caregiving : sexual orientation, sex development, and gender identity matter / Karen I. Fredriksen-Goldsen -- Aging in the gay community / Brian de Vries and Gil Herdt -- Aging in the lesbian community / Nancy M. Nystrom and Teresa C. Jones -- Aging in the bisexual community / Paula C. Rodriguez Rust -- Transgender and aging : beings and becomings / Tarynn M. Witten and A. Evan Eyler -- Intersex and aging : a (cautionary) research agenda / Monica J. Casper and Heather Laine Talley | ||
| 650 | |a Homosexuality; Bisexuality; Social Stigma; Kỳ thị xã hội; Đồng tính luyến ái |x Nghiên cứu |x Chính sách; Đồng tính nam; Đồng tính nữ | ||
| 700 | |a Witten, Tarynn | ||
| 856 | |u http://lrc.tdmu.edu.vn/opac/search/detail.asp?aID=2&ID=31992 | ||
| 980 | |a Trung tâm Học liệu Trường Đại học Thủ Dầu Một | ||